[Event "FISCA Online U14 op"]
[Site "Chess.com INT"]
[Date "2020.05.13"]
[Round "5"]
[White "Nguyen, Vuong Tung Lam"]
[Black "Mascas, Anisia Teodora"]
[Result "1-0"]
[WhiteElo "1528"]
[BlackElo "1213"]
[PlyCount "113"]
[EventDate "2020.05.09"]
[EventType "swiss"]
[EventRounds "9"]
[EventCountry "ROU"]
[SourceTitle "EXT 2021"]
[Source "ChessBase"]
[SourceDate "2020.10.23"]
[SourceVersion "1"]
[SourceVersionDate "2020.10.23"]
[SourceQuality "1"]

1. d4 g6 2. Nf3 Bg7 3. g3 Nf6 4. Bg2 0-0 5. 0-0 d5 6. c4 dxc4 7. Na3 Nc6 8. Nxc4 Bg4 9. e3 Qd5 10. Ncd2 e5 11. h3 Bxf3 12. Bxf3 Qd7 13. dxe5 Nxe5 14. Bg2 Rad8 15. Qc2 Nd3 16. Nb3 Rfe8 17. Rd1 Nb4 18. Qd2 Qxd2 19. Rxd2 Rxd2 20. Bxd2 Nd3 21. Bc3 b6 22. Bc6 Rd8 23. Kf1 a6 24. Ke2 Rd6 25. Bb7 c5 26. Bxa6 Nb4 27. Bc4 Kf8 28. a3 Nbd5 29. Bxd5 Rxd5 30. Rd1 Rxd1 31. Kxd1 Ne4 32. Bxg7+ Kxg7 33. Ke2 Kf6 34. Nd2 Ke5 35. Nc4+ Kd5 36. Nxb6+ Kc6 37. Nc4 Kb5 38. Nd2 f5 39. Nxe4 fxe4 40. Kd2 g5 41. Kc3 h5 42. g4 h4 43. b3 Kc6 44. Kc4 Kd6 45. a4 Kc6 46. a5 Kd6 47. a6 Kc6 48. a7 Kb7 49. Kxc5 Kxa7 50. Kc6 Ka8 51. b4 Kb8 52. b5 Kc8 53. b6 Kb8 54. b7 Ka7 55. Kc7 Ka6 56. b8Q Ka5 57. Qb3 1-0

[Event "FISCA Online U14 op"]
[Site "Chess.com INT"]
[Date "2020.05.09"]
[Round "1"]
[White "Chilukuri, Sai Varshith"]
[Black "Mascas, Anisia Teodora"]
[Result "1-0"]
[WhiteElo "1943"]
[BlackElo "1213"]
[PlyCount "79"]
[EventDate "2020.05.09"]
[EventType "swiss"]
[EventRounds "9"]
[EventCountry "ROU"]
[SourceTitle "EXT 2021"]
[Source "ChessBase"]
[SourceDate "2020.10.23"]
[SourceVersion "1"]
[SourceVersionDate "2020.10.23"]
[SourceQuality "1"]

1. d4 g6 2. c4 Bg7 3. e4 d6 4. Nf3 Nf6 5. Nc3 0-0 6. Be2 c5 7. 0-0 b6 8. d5 e6 9. dxe6 Bxe6 10. Bf4 Ne8 11. Qc2 Nc6 12. Rad1 Nd4 13. Nxd4 Bxd4 14. Nb5 a6 15. Nxd4 cxd4 16. Rxd4 Qf6 17. Qd2 Rd8 18. Bg5 Qe5 19. Bxd8 Nf6 20. Bxf6 Qxf6 21. Rxd6 Rb8 22. Rd1 Kg7 23. Qd4 Qxd4 24. R1xd4 b5 25. c5 Bxa2 26. Rd8 Rxd8 27. Rxd8 Be6 28. c6 Kf6 29. b4 Ke7 30. c7 f5 31. e5 Bd7 32. Bf3 Ke6 33. Bd5+ Ke7 34. f4 h6 35. e6 Bxe6 36. Bxe6 Kxe6 37. c8Q+ Kf6 38. Qd7 g5 39. Rf8+ Kg6 40. Qf7# 1-0

[Event "ROM-ch U12 Girls"]
[Site "Calimanesti Caciulata"]
[Date "2019.04.16"]
[Round "?.1"]
[White "Chicarosie, Ioana Bianca"]
[Black "Mascas, Anisia Teodora"]
[Result "1-0"]
[WhiteElo "1564"]
[BlackElo "1265"]
[PlyCount "143"]
[EventDate "2019.04.15"]
[EventType "swiss"]
[EventRounds "9"]
[EventCountry "ROU"]
[SourceTitle "EXT 2024"]
[Source "ChessBase"]
[SourceDate "2023.10.10"]
[SourceVersion "1"]
[SourceVersionDate "2023.10.10"]
[SourceQuality "1"]

1. e4 g6 2. Nf3 Bg7 3. d4 d6 4. c3 Nf6 5. Bd3 0-0 6. Be3 Nbd7 7. 0-0 b6 8. Nbd2 Bb7 9. Qc2 c5 10. d5 e6 11. c4 Qe7 12. Rae1 Ng4 13. Bg5 Ngf6 14. Nb1 Nb8 15. Nbd2 Re8 16. dxe6 Qxe6 17. e5 dxe5 18. Rxe5 Qd7 19. Rxe8+ Nxe8 20. Be4 Nc6 21. Nb3 Nf6 22. Bxf6 Bxf6 23. Rd1 Qe6 24. Bd5 Qe7 25. Re1 Qd7 26. a3 Rd8 27. Rd1 Ne5 28. Nxe5 Bxe5 29. Bf3 Bd6 30. Bxb7 Qxb7 31. Qe2 Qd7 32. g3 Qa4 33. Nc1 Qc6 34. Nd3 Qa4 35. Nc1 Bc7 36. Rxd8+ Bxd8 37. Kg2 Qc6+ 38. Qf3 Qxf3+ 39. Kxf3 Kg7 40. Ke4 Kf6 41. Kd5 Kf5 42. f3 h5 43. Ne2 h4 44. b3 hxg3 45. hxg3 Kg5 46. Kc6 Kh5 47. Kb7 a5 48. Kc8 Bf6 49. Kb7 Bd8 50. a4 g5 51. Kc8 Bf6 52. Kc7 Be5+ 53. Kxb6 g4 54. f4 Bb2 55. Kxc5 Ba3+ 56. Kb6 Bb4 57. c5 Kg6 58. c6 Bd6 59. c7 Bxc7+ 60. Kxc7 Kf6 61. Kd6 Kg7 62. Kc5 Kf8 63. Kb5 Ke7 64. Kxa5 Kd7 65. Kb6 Kc8 66. a5 Kb8 67. Nc3 f6 68. a6 f5 69. Nd5 Ka8 70. b4 Kb8 71. a7+ Ka8 72. Nc7# 1-0

[Event "ROM-ch U12 Girls"]
[Site "Calimanesti"]
[Date "2018.04.03"]
[Round "9"]
[White "Mascas, Anisia Teodora"]
[Black "Virgolici, Diana Maria"]
[Result "1/2-1/2"]
[WhiteElo "1297"]
[BlackElo "1133"]
[PlyCount "20"]
[EventDate "2018.03.27"]
[EventType "swiss"]
[EventRounds "9"]
[EventCountry "ROU"]
[SourceTitle "CBM 183 Extra"]
[Source "ChessBase"]
[SourceDate "2018.04.19"]
[SourceVersion "1"]
[SourceVersionDate "2018.04.19"]
[SourceQuality "1"]

1. e4 e5 2. Bc4 Nf6 3. Nf3 Nxe4 4. Nxe5 d5 5. Bb3 Qf6 6. Qe2 Qxe5 7. d3 Nc6 8. dxe4 Nd4 9. Ba4+ c6 10. Qe3 Bc5 1/2-1/2

[Event "ROM-ch U12 Girls"]
[Site "Calimanesti"]
[Date "2018.03.27"]
[Round "1"]
[White "Mascas, Anisia Teodora"]
[Black "Ghenu, Ilinca Maria"]
[Result "1-0"]
[WhiteElo "1297"]
[BlackElo "1043"]
[PlyCount "30"]
[EventDate "2018.03.27"]
[EventType "swiss"]
[EventRounds "9"]
[EventCountry "ROU"]
[SourceTitle "CBM 183 Extra"]
[Source "ChessBase"]
[SourceDate "2018.04.19"]
[SourceVersion "1"]
[SourceVersionDate "2018.04.19"]
[SourceQuality "1"]

1. e4 e5 2. Nf3 Nc6 3. Bc4 Nf6 4. Ng5 d5 5. exd5 Nxd5 6. Qf3 Be6 7. d3 h6 8. Ne4 a6 9. c3 b5 10. Bxd5 Bxd5 11. 0-0 Bd6 12. Nxd6+ Qxd6 13. Qg3 0-0-0 14. Qg4+ Be6 15. Qxg7 Rdg8 1-0